000
00279nam a22001097a 4500
008
170105b xxu||||| |||| 00| 0 eng d
020
_a
0781744806
041
_a
eng
080
_2
5TH
_a
618.2
245
_a
FUNDAMENTALS OF NURSING
_c
TAYLOR, C & LILLIS, C & LEMONE, P
942
_2
udc
_c
BK
999
_c
2574
_d
2574